| 000 | 00447nam a22001457a 4500 | ||
|---|---|---|---|
| 999 |
_c133923 _d133923 |
||
| 005 | 20240429105443.0 | ||
| 008 | 240429b ||||| |||| 00| 0 eng d | ||
| 040 | _cPK-LaUMT | ||
| 082 |
_aAPC 297.4092 _bBAS-D |
||
| 100 | _aBashir Ahmad Sadi = بشیر احمد سعدی | ||
| 245 |
_aDas wali = دس ولی / _cby Bashir Ahmad Sadi = بشیر احمد سعدی |
||
| 260 |
_aLahore : _bMoman Publishers, _c1985 |
||
| 300 | _a208 p. | ||
| 942 | _cBK | ||